The Sabhaparvan : (Record no. 135441)

MARC details
000 -LEADER
fixed length control field 00686nam a22002177a 4500
005 - DATE AND TIME OF LATEST TRANSACTION
control field 20170124110245.0
010 ## - LIBRARY OF CONGRESS CONTROL NUMBER
LC control number 215318
020 ## - INTERNATIONAL STANDARD BOOK NUMBER
Terms of availability 00.00
035 ## - SYSTEM CONTROL NUMBER
System control number 215318
037 ## - SOURCE OF ACQUISITION
Source of stock number/acquisition Cen Lib/Ret
040 ## - CATALOGING SOURCE
Original cataloging agency DPL
Language of cataloging EN
082 ## - DEWEY DECIMAL CLASSIFICATION NUMBER
Classification number 230.22
Item number SAB
245 ## - TITLE STATEMENT
Title The Sabhaparvan :
Statement of responsibility, etc edited by Franklin Edgerton
Remainder of title being the second book of the Mahābhārata, the great epic of India /
260 ## - PUBLICATION, DISTRIBUTION, ETC. (IMPRINT)
Place of publication, distribution, etc Poona
Name of publisher, distributor, etc Bhandarkar Oriental Research Institute
Date of publication, distribution, etc 1944
270 ## - ADDRESS
City Poona
300 ## - PHYSICAL DESCRIPTION
Extent lxvii,517p.
Dimensions 27cm(Hb)
650 ## - SUBJECT ADDED ENTRY--TOPICAL TERM
Topical term or geographic name as entry element Mahābhārata. -- Sabhāparva.
9 (RLIN) 97070
650 ## - SUBJECT ADDED ENTRY--TOPICAL TERM
Topical term or geographic name as entry element Sanskriet.
9 (RLIN) 19811
700 ## - ADDED ENTRY--PERSONAL NAME
Personal name Edgerton, Franklin
9 (RLIN) 97071
942 ## - ADDED ENTRY ELEMENTS (KOHA)
Source of classification or shelving scheme Dewey Decimal Classification
Koha item type English Books
Classification part 230.22
Call number suffix SAB
Holdings
Withdrawn status Lost status Damaged status Not for loan Collection code Home library Current library Date acquired Source of acquisition Cost, normal purchase price Total Checkouts Full call number Barcode Date last seen Copy number Cost, replacement price Price effective from Koha item type
      Not For Loan Reference Central Library Central Library 06/10/2015 Cen Lib/Ret 0.00   230.22 SAB 215318 06/10/2015 1 0.00 06/10/2015 English Books

© Delhi Public Library
Hit Counter
free hit counter